000 01635nam0a2200325 4500
001 RU\NLR\bibl\8426
005 20260407094445.0
010 _a5-279-01703-5
_95000
021 _aRU
_b98-9681
_9457
035 _a(NLR Aleph) 000008227
090 _a26083
_c26083
100 _a19981125d1998 u y0rusy50 ca
101 0 _arus
102 _aRU
105 _a|||||||||||||
200 1 _aРынок ценных бумаг
_eУчеб. для студентов экон. спец. и направлений вузов
_f[В. А. Галанов, проф., д.э.н., А. И.Басов, доц., к.э.н., Р. А. Аношкин и др.]
_gПод ред. В. А. Галанова, А. И.Басова
_gРос. экон. акад. им. Г. В. Плеханова
210 _aМ.
_cФинансы и статистика
_d1998
215 _a350 с.
_cил.
_d25
320 _aБиблиогр. в подстроч. примеч.
606 1 _aЦенные бумаги
_jУчебники для высших учебных заведений
_xРынки
_yРоссийская Федерация
_92121921
_3RU\NLR\AUTH\661281220
686 1 _aУ26(2)229.5(2Р)я73
701 1 _4070
_8rus
_7ca
_aГаланов
_bВ. А.
_gВладимир Александрович
_3RU\NLR\auth\776510
_9116463
712 0 2 _4570
_aРоссийская экономическая академия им. Г. В. Плеханова
_3RU\NLR\AUTH\889919800
_9335839
801 0 _aRU
_bNLR
_c19981125
_gPSBO
801 1 _aRU
_bNLR
_c19981125
830 _aАвт. раскрыт по кн.
852 _aNLR
_j98-7/460
942 _cBOOK
980 _aNB